000 00301nam a22001217a 4500
020 _a9789381604434
082 _a664
_bSIN/TE
100 _aSingh, Anju
245 _aText book of food science
260 _aDelhi
_bVista International Publishing House
_c2012
700 _aKalpana Bhardwaj
942 _cBK
999 _c13938
_d13938